Advertising communications and promotion management /

Đã lưu trong:
Bibliografiske detaljer
Hovedforfatter: Rossiter, John R.
Format: Bog
Sprog:English
Udgivet: Boston, Mass. : Irwin/McGraw-Hill, 1998.
Udgivelse:2nd ed.
Fag:
Tags: Tilføj Tag
Ingen Tags, Vær først til at tagge denne postø!
Thư viện lưu trữ: Mạng thư viện Đại học Đà Nẵng
LEADER 00928cam a2200361 i 4500
001 000046407
003 5874
005 20030304152206.0
008 010220|1998 vm 000 eng
020 |a 007053943X 
040 |a IRC  |c IRC  |d IRC 
041 0 |a eng 
082 1 4 |a 659.1  |b RO-J 
100 1 |a Rossiter, John R. 
245 0 0 |a Advertising communications and promotion management /  |c John R. Rossiter. 
250 |a 2nd ed. 
260 |a Boston, Mass. :  |b Irwin/McGraw-Hill,  |c 1998. 
300 |a xvi, 640p. :  |b ill. 
630 0 4 |a Advertising. 
630 0 4 |a Sales promotion. 
650 0 4 |a Sales promotion. 
650 0 4 |a Advertising. 
650 0 4 |a Communication in marketing. 
OWN |a DUT 
999 |a From the UDN01 
TYP |a Monograph 
TYP |a Printed language 
980 |a Mạng thư viện Đại học Đà Nẵng